Cost of housing rises to three year high (Record no. 83176)
[ view plain ]
| 000 -LEADER | |
|---|---|
| fixed length control field | 01250cad a22002055a 4500 |
| 001 - CONTROL NUMBER | |
| control field | L153061 |
| 008 - FIXED-LENGTH DATA ELEMENTS--GENERAL INFORMATION | |
| fixed length control field | 110601e20110516xxk 000 0 eng d |
| 035 ## - SYSTEM CONTROL NUMBER | |
| System control number | (Sirsi) u153061 |
| 041 0# - LANGUAGE CODE | |
| Language code of text/sound track or separate title | eng |
| 110 2# - MAIN ENTRY--CORPORATE NAME | |
| Corporate name or jurisdiction name as entry element | Halifax |
| 9 (RLIN) | 5942 |
| 245 00 - TITLE STATEMENT | |
| Title | Cost of housing rises to three year high |
| Medium | [electronic resource] |
| 260 ## - PUBLICATION, DISTRIBUTION, ETC. | |
| Date of publication, distribution, etc. | 2011 |
| 490 ## - SERIES STATEMENT | |
| Series statement | Halifax Press Release |
| Volume/sequential designation | 16 May 2011 |
| 520 ## - SUMMARY, ETC. | |
| Summary, etc. | Annual Halifax review of the cost of owning and running a home. Compiled from a range of official statistics, including the ONS Family Spending Survey. Housing costs include mortgage payments (interest and capital repayments), council tax, spending on maintenance and repair, water supply, electricity, gas and other fuels, household appliances, tools and equipment, goods and services for routine household maintenance, telephone accounts, toiletries and household insurance. Between March 2010 and March 2011, the annuals costs increased by 1.4%. |
| 590 ## - LOCAL NOTE (RLIN) | |
| Local note | KA |
| 651 #4 - SUBJECT ADDED ENTRY--GEOGRAPHIC NAME | |
| Geographic name | UNITED KINGDOM |
| 690 ## - LOCAL SUBJECT ADDED ENTRY--TOPICAL TERM (OCLC, RLIN) | |
| Topical term or geographic name as entry element | PROPERTY-RESIDENTIAL PROPERTY-RESIDENTIAL PROPERTY MARKET |
| 856 40 - ELECTRONIC LOCATION AND ACCESS | |
| Uniform Resource Identifier | <a href="https://www.lloydsbankinggroup.com/media/pdfs/halifax/2011/Cost_of_housing_rises_to_three_year_high.pdf">https://www.lloydsbankinggroup.com/media/pdfs/halifax/2011/Cost_of_housing_rises_to_three_year_high.pdf</a> |
| Public note | View this item free of charge at www.lloydsbankinggroup.com |
| 942 ## - ADDED ENTRY ELEMENTS (KOHA) | |
| Suppress in OPAC | 0 |
| Withdrawn status | Lost status | Source of classification or shelving scheme | Damaged status | Not for loan | Home library | Current library | Shelving location | Date acquired | Total Checkouts | Full call number | Barcode | Date last seen | Copy number | Price effective from | Koha item type |
|---|---|---|---|---|---|---|---|---|---|---|---|---|---|---|---|
| Dewey Decimal Classification | Virtual | Virtual | Online | 01/06/2011 | ONLINE PUBLICATION | 153061-2001 | 06/08/2019 | 1 | 06/08/2019 | Journal article |